States That Border Pennsylvania Quiz Stats

 Plays Quiz Updated Sep 13, 2017

Challenge
Share
Tweet
Embed
Score 0/6 Timer 01:00
1 Play Today
% Correct
New York
99%
Ohio
94.9%
New Jersey
91.9%
Maryland
88.3%
West Virginia
87.7%
Delaware
80.5%

You're not logged in!

Compare scores with friends on all Sporcle quizzes.
Join for Free
OR
Log In

You Might Also Like...

Show Comments

Extras

Top Quizzes Today


Score Distribution

Your Account Isn't Verified!

In order to create a playlist on Sporcle, you need to verify the email address you used during registration. Go to your Sporcle Settings to finish the process.

Report this User

Report this user for behavior that violates our Community Guidelines.

Details: